Reafirmaȯ̂ da DER

Bibliographic Details
Main Author: Schumacher Triches, Alexandre
Other Authors: Beck Kidricki, Tiago
Format: eBook
Language:Portuguese
Published: San Pablo: LTR, 2018
Subjects:
Online Access:Acceso restringido

MARC

LEADER 00000nam a22000007a 4500
005 20181001123515.0
007 cr|||| ||||
008 181001s2018 br |||||s|||| 00||0 por d
020 |a 978-85-361-9674-9 
035 |a 22000 
040 |a vLex 
090 |c 8165  |d 8165 
100 1 |a Schumacher Triches, Alexandre 
245 1 0 |a Reafirmaȯ̂ da DER  |h [Recurso electrn̤ico] /  |c Alexandre Schumacher Triches, Tiago Beck Kidricki 
256 |a Servicio en ln̕ea 
260 |a San Pablo:  |b LTR,  |c 2018 
300 |a 1 recurso electrn̤ico 
506 1 |a Disponible solo en los productos indicados  |d vLex Global  |d vLex Global (Academic Edition, excluding Law Schools)  |d vLex Global (U.S. Academic Edition, Law Schools)  |d vLex Global (U.S. Academic Edition, excluding Law Schools)  |d vLex Global (Academic Edition, Law Schools) 
650 0 4 |a Derecho Laboral y Seguridad Social  |z Brasil 
700 1 |a Beck Kidricki, Tiago 
740 0 |a vLex Libros (Servicio en ln̕ea) 
856 4 0 |u http://vlex.com/source/reafirma-o-der-22000  |z Acceso restringido 
942 |c BOOK 
999 0 |a Labor law and social security